Trastornos de la conducta y del desarrollo en el niño
Guardat en:
| Autors principals: | , |
|---|---|
| Format: | Llibre |
| Idioma: | espanyol |
| Publicat: |
Barcelona
Pediátrica
1971
|
| Matèries: | |
| Etiquetes: |
Afegir etiqueta
Sense etiquetes, Sigues el primer a etiquetar aquest registre!
|
MARC
| LEADER | 00000nam a2200000 a 4500 | ||
|---|---|---|---|
| 001 | UCY6864 | ||
| 003 | CL-VaPUC | ||
| 008 | 950602e19710000SP |||||||||||||||||spa|d | ||
| 082 | 0 | 4 | |a 155.4 |b SEN |2 21 |
| 100 | 0 | |a Senn, Milton J. E |e author |9 336976 | |
| 700 | 0 | |a Solnit, Albert J |e author |9 336977 | |
| 245 | 1 | 0 | |a Trastornos de la conducta y del desarrollo en el niño |
| 300 | |a 326 p | ||
| 942 | |c BK | ||
| 945 | |d 19950602 00:00:00 |a mfernand | ||
| 260 | |a Barcelona |b Pediátrica |c 1971 | ||
| 650 | 0 | |a Psicología |9 257863 | |
| 650 | 0 | |a Niños |9 255605 | |
| 650 | 0 | |a Psicología del niño |9 307305 | |
| 650 | 0 | |a Trastornos del comportamiento |9 311363 | |
| 650 | 0 | |a Aprendizaje |9 254827 | |
| 650 | 0 | |a Fobias |9 335917 | |
| 650 | 0 | |a Desarrollo mental |9 313003 | |
| 650 | 0 | |a Psicoanálisis |9 265702 | |
| 650 | 0 | |a Personalidad |9 307255 | |
| 650 | 7 | |a DESARROLLO DE LA PERSONALIDAD |2 CL-VaPUC |9 311216 | |
| 650 | 0 | |a Pruebas psicológicas |9 307459 | |
| 650 | 0 | |a Sueño |9 334635 | |
| 650 | 0 | |a Psicología del adolescente |9 307864 | |
| 650 | 0 | |a Psicología del desarrollo |9 307541 | |
| 650 | 7 | |a ENTREVISTA PSICOLOGICA |2 CL-VaPUC |9 332451 | |
| 650 | 0 | |a Comportamiento |9 308406 | |
| 650 | 7 | |a TRATAMIENTO DE LOS TRAUMATISMOS |2 CL-VaPUC |9 335685 | |
| 650 | 7 | |a PSICOSIS |2 CL-VaPUC |9 315438 | |
| 650 | 7 | |a SUICIDIO |2 CL-VaPUC |9 317374 | |
| 650 | 0 | |a Delitos sexuales |9 256093 | |
| 650 | 7 | |a NIÑOS ADOPTADOS |2 CL-VaPUC |9 334724 | |
| 650 | 0 | |a Adopción |9 255783 | |
| 650 | 0 | |a Divorcio |9 256204 | |
| 583 | |a last modification |c 19950602 00:00:00 |k Rodrigo Vera | ||
| 999 | |c 234355 |d 234353 | ||
| 952 | |0 0 |1 0 |4 0 |6 155_400000000000000_SEN_1971 |7 0 |8 A |9 240531 |a BIBEDU |b BIBEDU |d 2019-11-18 |i 1511572 |o 155.4 SEN 1971 |p 1511572 |r 2019-11-18 |w 2019-11-18 |y BK |k EDU | ||